| 000 | 00461nam a22001937a 4500 | ||
|---|---|---|---|
| 005 | 20231204111953.0 | ||
| 008 | 231116b |||||||| |||| 00| 0 eng d | ||
| 020 |
_a9788195097432 _cRs. 400.00 |
||
| 040 | _aMAIN | ||
| 082 |
_a910.02 _bJ318B(7) |
||
| 100 | _aJaat, B C | ||
| 245 | _aBhotik bhoogol | ||
| 250 | _a7th | ||
| 260 |
_aJaipur _bMalik Book Company _c2023 |
||
| 300 | _a626 | ||
| 650 | _aGeography | ||
| 650 | _aPhysical Geography | ||
| 942 | _cBK | ||
| 999 |
_c308927 _d308927 |
||